00225nam a2200085Ia 4500008004100000100002000041245002700061260004200088260000900130170620s9999 xx 000 0 und d aLatchanna- Gara 0aEconomics of Education bNew Delhi- Discovery Publishing House c2006